Welcome to the Holygrace Academy Library

Please use search bar below to get started

NIBHANDHAVALI (Record no. 7286)

MARC details
000 -LEADER
fixed length control field 00253nam a22001217a 4500
020 ## - INTERNATIONAL STANDARD BOOK NUMBER
ISBN 978-81-83555-66-1
082 ## - DEWEY DECIMAL CLASSIFICATION NUMBER
Classification number 494
Item number MAP/N
245 ## - TITLE STATEMENT
Title NIBHANDHAVALI
260 ## - PUBLICATION, DISTRIBUTION, ETC. (IMPRINT)
Place of publication INDIA
Name of publisher MAPLE PRESS
300 ## - PHYSICAL DESCRIPTION
Number of Pages 240
650 ## - SUBJECT ADDED ENTRY--TOPICAL TERM
Topical Term HINDI ESSAY
Geographic subdivision INDIA
942 ## - ADDED ENTRY ELEMENTS (KOHA)
Koha item type Books
Holdings
Withdrawn status Lost status Collection code Home library Current library Shelving location Date acquired Source of acquisition Full call number Accession Number Koha item type
    Reference Main Library Main Library   05/10/2015 PURCHASE 494 MAP/N 09574 Books